Principles of communication systems (Record no. 8124)

MARC details
000 -LEADER
fixed length control field 00474nam a2200217Ia 4500
001 - CONTROL NUMBER
control field 079811
003 - CONTROL NUMBER IDENTIFIER
control field YMCAF
005 - DATE AND TIME OF LATEST TRANSACTION
control field 20230512161259.0
008 - FIXED-LENGTH DATA ELEMENTS--GENERAL INFORMATION
fixed length control field 100717s2001 ||||||||||||||||| ||und|d
024 ## - OTHER STANDARD IDENTIFIER
Standard number or code 79811
035 ## - SYSTEM CONTROL NUMBER
System control number 19271
040 ## - CATALOGING SOURCE
Original cataloging agency YMCAF
Language of cataloging eng
Transcribing agency IN-KoLT
041 ## - LANGUAGE CODE
Language code of text/sound track or separate title eng
082 ## - DEWEY DECIMAL CLASSIFICATION NUMBER
Classification number 621.382
Item number TAU
100 ## - MAIN ENTRY--PERSONAL NAME
Personal name Taub-Schilling
245 #0 - TITLE STATEMENT
Title Principles of communication systems
250 ## - EDITION STATEMENT
Edition statement 2nd
260 ## - PUBLICATION, DISTRIBUTION, ETC.
Name of publisher, distributor, etc. TMH
Date of publication, distribution, etc. 2001
300 ## - PHYSICAL DESCRIPTION
Extent 759
942 ## - ADDED ENTRY ELEMENTS (KOHA)
Source of classification or shelving scheme Dewey Decimal Classification
Koha item type Books
Holdings
Withdrawn status Lost status Damaged status Not for loan Home library Current library Date acquired Cost, normal purchase price Total Checkouts Barcode Date last seen Cost, replacement price Price effective from Koha item type Public note G
  Lost     JC Bose University of Science & Technology JC Bose University of Science & Technology 17/07/2010 240.00   WB953 12/05/2023 240.00 12/05/2023 Books C 601306
  Lost     JC Bose University of Science & Technology JC Bose University of Science & Technology 17/07/2010 230.00   19271 12/05/2023 230.00 12/05/2023 Books C 2939
  Lost     JC Bose University of Science & Technology JC Bose University of Science & Technology 17/07/2010 230.00   19272 12/05/2023 230.00 12/05/2023 Books C 2939
  Lost     JC Bose University of Science & Technology JC Bose University of Science & Technology 17/07/2010 230.00   19273 12/05/2023 230.00 12/05/2023 Books C 2939
        JC Bose University of Science & Technology JC Bose University of Science & Technology 17/07/2010 230.00   19274 12/05/2023 230.00 12/05/2023 Books C 2939
        JC Bose University of Science & Technology JC Bose University of Science & Technology 17/07/2010 230.00   19275 12/05/2023 230.00 12/05/2023 Books C 2939
        JC Bose University of Science & Technology JC Bose University of Science & Technology 17/07/2010 230.00   M87 12/05/2023 230.00 12/05/2023 Books C 13450
        JC Bose University of Science & Technology JC Bose University of Science & Technology 17/07/2010 230.00   M88 12/05/2023 230.00 12/05/2023 Books C 13450
        JC Bose University of Science & Technology JC Bose University of Science & Technology 17/07/2010 230.00   M89 12/05/2023 230.00 12/05/2023 Books C 13450
        JC Bose University of Science & Technology JC Bose University of Science & Technology 17/07/2010 230.00   M90 12/05/2023 230.00 12/05/2023 Books C 13450
        JC Bose University of Science & Technology JC Bose University of Science & Technology 17/07/2010 230.00   M91 12/05/2023 230.00 12/05/2023 Books C 13450
        JC Bose University of Science & Technology JC Bose University of Science & Technology 17/07/2010 240.00   WB952 12/05/2023 240.00 12/05/2023 Books C 601306